Gre prep by Magoosh / (Record no. 25608)

MARC details
000 -LEADER
fixed length control field 00758cam a22002415a 4500
001 - CONTROL NUMBER
control field 19399889
005 - DATE AND TIME OF LATEST TRANSACTION
control field 20171119114700.0
008 - FIXED-LENGTH DATA ELEMENTS--GENERAL INFORMATION
fixed length control field 161207s2017 ilu 000 0 eng
020 ## - INTERNATIONAL STANDARD BOOK NUMBER
International Standard Book Number 9781939418913
040 ## - CATALOGING SOURCE
Original cataloging agency DLC
Language of cataloging eng
Transcribing agency DLC
Modifying agency EG-ScBUE
082 04 - DEWEY DECIMAL CLASSIFICATION NUMBER
Edition number 22
Classification number 378.1662
Item number GRE
245 00 - TITLE STATEMENT
Title Gre prep by Magoosh /
Statement of responsibility, etc [edited by] Amanda Ronan.
260 ## - PUBLICATION, DISTRIBUTION, ETC. (IMPRINT)
Place of publication, distribution, etc Highland Park :
Name of publisher, distributor, etc Writers of the Round Table,
Date of publication, distribution, etc c.2017.
300 ## - PHYSICAL DESCRIPTION
Extent xvi, 448 p. :
Other physical details ill. ;
Dimensions 24 cm.
650 #7 - SUBJECT ADDED ENTRY--TOPICAL TERM
Source of heading or term BUEsh
9 (RLIN) 20956
Topical term or geographic name as entry element Graduate Record Examination
Form subdivision Study guides.
651 ## - SUBJECT ADDED ENTRY--GEOGRAPHIC NAME
Source of heading or term BUEsh
653 ## - INDEX TERM--UNCONTROLLED
Resource For college Generalities
Arrived date list November2017
655 ## - INDEX TERM--GENRE/FORM
Form subdivision Reading book
-- 34232
700 1# - ADDED ENTRY--PERSONAL NAME
Personal name Ronan, Amanda,
Relator term editor.
906 ## - LOCAL DATA ELEMENT F, LDF (RLIN)
a 0
b ibc
c orignew
d 2
e epcn
f 20
g y-gencatlg
942 ## - ADDED ENTRY ELEMENTS (KOHA)
Source of classification or shelving scheme Dewey Decimal Classification
Holdings
Withdrawn status Item status Source of classification or shelving scheme Damaged status Not for loan Vendor Home library Current library Shelving location Date acquired Source of acquisition Cost, normal purchase price Total Checkouts Total Renewals Full call number Barcode Date last seen Date last borrowed Koha item type
    Dewey Decimal Classification     Baccah Central Library Central Library First floor 19/11/2017 Purchase 550.00 4 11 378.1662 GRE 000042510 15/07/2025 15/11/2022 Book - Borrowing